000 00943nam a2200277Ia 4500
999 _c57928
_d57928
003 GCL
005 20240530110005.0
008 140319s9999 xx 000 0 ara d
040 _aGCL /
_cGCL
082 0 4 _a791.45
_bز م
100 1 _aZettle,Harbert
245 1 2 _aالمرجع فى الانتاج التليفزيونى /
_cHarbert Zettl
250 _aالاولى
260 _aالامارات :
_bدار الكتاب الجامعى ،
_c2004
300 _a715 ص ؛
_c30 سم
650 0 4 _aاشرطة الفيديو
650 0 4 _aالانتاج التليفزيونى
650 0 4 _aالتصوير التليفزيونى
650 0 4 _aاشرطة التسجيل التليفزيونى
650 0 4 _aالفيديو، أشرطة
650 0 4 _aديكورات الاضاءه
650 0 4 _aالتليفزيون - ديكورات
700 1 _aسعدون الجنابى
700 1 _aخالد الصفار
942 _2ddc
_cBK